مكتبة جامعة عجلون الوطنية

فهرس بحث المكتبة

أثر التخطيط الاستراتيجي لمنظمات الأعمال في إدارة الأزمات الدولية في شركات التخليص الجمركي = The Impact of strategic planning of Business Organizations in Managing international Crisis Customs Clearance Companies (Record no. 33885)

MARC details
000 -LEADER
fixed length control field 01134nam a22001937a 4500
003 - CONTROL NUMBER IDENTIFIER
control field JO-AjAnu
005 - DATE AND TIME OF LATEST TRANSACTION
control field 20250310103918.0
008 - FIXED-LENGTH DATA ELEMENTS--GENERAL INFORMATION
fixed length control field 250310b jo ||||| |||| 00| 0 ara d
040 ## - CATALOGING SOURCE
Transcribing agency JO-AjAnu
041 ## - LANGUAGE CODE
Language code of original ara
100 ## - MAIN ENTRY--PERSONAL NAME
Personal name علي، مأمون محمد محمود
Relator term معد
9 (RLIN) 66490
245 ## - TITLE STATEMENT
Title أثر التخطيط الاستراتيجي لمنظمات الأعمال في إدارة الأزمات الدولية في شركات التخليص الجمركي = The Impact of strategic planning of Business Organizations in Managing international Crisis Customs Clearance Companies
Statement of responsibility, etc. / اعداد مأمون محمد محمود علي ؛ اشراف هشام علي شطناوي
260 ## - PUBLICATION, DISTRIBUTION, ETC.
Date of publication, distribution, etc. 2025
300 ## - PHYSICAL DESCRIPTION
Extent 111 ورقة
500 ## - GENERAL NOTE
General note رسالة جامعية (رسالة ماجستير في ادارة الاعمال)- جامعة عجلون الوطنية (عجلون - الاردن) - كلية الأعمال، تخصص ادارة الاعمال، 2025.
650 ## - SUBJECT ADDED ENTRY--TOPICAL TERM
Form subdivision ادارة الازمات-ادارة الأعمال-الأردن
700 ## - ADDED ENTRY--PERSONAL NAME
Personal name شطناوي،هشام علي
9 (RLIN) 64865
Relator term مشرف
942 ## - ADDED ENTRY ELEMENTS (KOHA)
Source of classification or shelving scheme Library of Congress Classification
Koha item type Thesis
Suppress in OPAC No
Holdings
Withdrawn status Lost status Source of classification or shelving scheme Damaged status Not for loan Home library Current library Date acquired Total Checkouts Full call number Barcode Date last seen Price effective from Koha item type
    Library of Congress Classification     مكتبة جامعة عجلون الوطنية مكتبة جامعة عجلون الوطنية 10/03/2025   HD49.2025 A30205 10/03/2025 10/03/2025 Thesis
    Library of Congress Classification     مكتبة جامعة عجلون الوطنية مكتبة جامعة عجلون الوطنية 10/03/2025   HD49.2025 A30204 10/03/2025 10/03/2025 Thesis